Laugh your way to happiness / (Record no. 9032)
[ view plain ]
| 000 -LEADER | |
|---|---|
| fixed length control field | nam a22 7a 4500 |
| 005 - DATE AND TIME OF LATEST TRANSACTION | |
| control field | 20220104031407.0 |
| 008 - FIXED-LENGTH DATA ELEMENTS--GENERAL INFORMATION | |
| fixed length control field | 220104b xxu||||| |||| 00| 0 eng d |
| 020 ## - IDENTIFIER FOR THE MANIFESTATION | |
| Identifier for the Manifestation | 9781780286747 |
| Binding | paperback |
| 040 ## - CATALOGING SOURCE | |
| Language of Cataloging | eng |
| Transcribing Agency | APEC Schools Library |
| Description Conventions | rda |
| 082 ## - DEWEY DECIMAL CLASSIFICATION NUMBER | |
| Classification number | C 152.43 |
| Author's Number | L985l 2014 |
| 100 ## - CREATOR | |
| Preferred Name of the Person | Lyle, Lesley |
| 245 ## - TITLE AND STATEMENT OF RESPONSIBILITY | |
| Preferred Title Proper | Laugh your way to happiness / |
| Statement of Responsibility/Parallel Statement of Responsibility | Lesley Lyle |
| 264 ## - PUBLICATION STATEMENT | |
| Place of publication, distribution, etc | London ; |
| Publisher's Name/Parallel Publisher's Name | Watkins Publishing, |
| Copyright | ©2014. |
| 300 ## - PHYSICAL DESCRIPTION | |
| Extent | 236 pages. |
| 336 ## - RDA CONTENT | |
| Source | rdacontent |
| Content Type | text |
| 337 ## - RDA MEDIA | |
| Source | rdamedia |
| Media Type | unmediated |
| 338 ## - RDA CARRIER | |
| Source | rdacarrier |
| Carrier Type | volume |
| 650 ## - ADDED SUBJECT ACCESS POINT - TOPICAL TERM | |
| Topical Term | Laughter |
| Form Subdivision | Psychological aspect. |
| 942 ## - ADDED ENTRY ELEMENTS (KOHA) | |
| Source of Classification | |
| Koha Item Type | Non Fiction |
| Library | Site Location | Shelving Location | Source of Acquisition | Full Classification Number | Accession Number | Koha Item Type |
|---|---|---|---|---|---|---|
| APEC Bacoor Library | APEC Bacoor Library | Circulation | Institutional Fund | C 152.43 L985l 2014 | B04-0000605 | Non Fiction |
| APEC C. Raymundo Library | APEC C. Raymundo Library | Circulation | Institutional Fund | C 152.43 L985l 2014 | A07-0000528 | Non Fiction |
| APEC Calumpang Library | APEC Calumpang Library | Circulation | Institutional Fund | C 152.43 L985l 2014 | B10-0000533 | Non Fiction |
| APEC Dasmarinas Library | APEC Dasmarinas Library | Circulation | Institutional Fund | C 152.43 L985l 2014 | B03-0000568 | Non Fiction |
| APEC Grace Park West Library | APEC Grace Park West Library | Circulation | Institutional Fund | C 152.43 L985l 2014 | A09-0000424 | Non Fiction |
| APEC Grace Park West Library | APEC Grace Park West Library | Circulation | Institutional Fund | C 152.43 L985l 2014 | A09-0000412 | Non Fiction |
| APEC JRU Lipa Library | APEC JRU Lipa Library | Circulation | Institutional Fund | C 152.43 L985l 2014 | B12-0000588 | Non Fiction |
| APEC Las Piñas Library | APEC Las Piñas Library | Circulation | Institutional Fund | C 152.43 L985l 2014 | C01-0000425 | Non Fiction |
| APEC Marikina Heights Library | APEC Marikina Heights Library | Circulation | Institutional Fund | C 152.43 L985l 2014 | A08-0000436 | Non Fiction |
| APEC Tondo Library | APEC Tondo Library | Circulation | Institutional Fund | C 152.43 L985l 2014 | A10-0000381 | Non Fiction |
| Chain Library | Chain Library | Circulation | Institutional Fund | C 152.43 L985l 2014 | AC-0000139 | Non Fiction |
